| 000 | 00593nam a22001817a 4500 | ||
|---|---|---|---|
| 999 |
_c21033 _d21033 |
||
| 003 | AR-CdUCM | ||
| 008 | 190724b ||||| |||| 00| 0 spa d | ||
| 040 |
_aMUNICIPALIDAD PROVINCIAL DEL CUSCO _cBIBLIOTECA MUNICIPAL DEL CUSCO |
||
| 082 |
_a808.82 / _bP59 |
||
| 100 |
_aPintado, Severo _943830 |
||
| 245 |
_aLa casa de campo : _bJuguete en un acto prosa y verso / |
||
| 260 |
_aBuenos Aires : _bEscuelas graficas del colegio Pio IX, |
||
| 300 |
_a35 páginas ; _c18 cm. |
||
| 440 |
_aGalería dramática Salesiana _n88 _943831 |
||
| 650 |
_aTeatro _9173 |
||
| 942 |
_2ddc _cLIBROS |
||
| 945 | _azta | ||